LDR 00847naa#a2200181#i#450# 001 RU\\bibl\116901 005 20260415185858.3 011 ## _a2500-1795 100 ## _a20210525b2021####ek#y0rusy0150####ca 101 0# _aRUS 102 ## _aRU 200 1# _aОбразы искусства в поэзии Бориса Филиппова _eЖурнальная статья 210 1# _aНижневартовск _cФедеральное государственное бюджетное образовательное учреждение высшего образования Нижневартовский государственный университет _d2021 215 ## _a10 с. 608 ## _aЖурнальная статья _2local 675 ## _a. 82+7.01 _zRUS 700 #1 _aМарков _gАлександр Викторович 856 4# _afilvestnik.nvsu.ru _u